| 000 | 00525nam a22001577a 4500 | ||
|---|---|---|---|
| 008 | 170426b xxu||||| |||| 00| 0 eng d | ||
| 020 | _a9710852078 | ||
| 082 |
_21992 _aDFil 920 _bZ1 |
||
| 100 |
_920286 _aZaide, Gregorio F. |
||
| 245 |
_aJose Rizal: _blife, works and writing/ _cGregorio F. Zaide. |
||
| 260 |
_aMandaluyong City: _bNational Bookstore, _cc1992. |
||
| 300 |
_aviii, 318 p. ; _c21 cm. |
||
| 500 | _aIncludes bibliographical references and index. | ||
| 650 | 0 |
_920288 _aRizal, Jose, 1861-1896. |
|
| 942 |
_2ddc _cDFIL |
||
| 999 |
_c6697 _d6697 |
||